Words Starting With D - Statistics

General Stats
  • This quiz has been taken 58 times
  • The average score is 40 of 60
Answer Stats
Hint Answer % Correct
a common pet Dog
100%
used to enter a house Door
100%
3rd meal of the day Dinner
98%
a prehistoric animal Dinosaur
98%
opposite of alive Dead
96%
where you find the meaning of the word Dictionary
96%
opposite of up Down
94%
eaten after the 3rd meal of the day Dessert
93%
when marriages split up Divorce
93%
an arrangement Deal
91%
a dry habitat Desert
91%
you do it when you listen to music Dance
89%
you do it when you sleep Dream
89%
you ring it before you enter a house Doorbell
87%
a father Dad
85%
baby underwear Diaper
85%
a mule relative Donkey
85%
light and Dark
83%
a US state Delaware
83%
opposite of the same Different
83%
how you control a car Drive
83%
a jewel Diamond
81%
early morning Dawn
80%
a hoofed mammal where the males have horns Deer
80%
a man who helps people get better Doctor
80%
a toy Doll
80%
how you make a drawing Draw
80%
a musical instrument Drum
80%
a relative to whales Dolphin
78%
the meaning of a word Definition
76%
taking a little ___ in the pool Dip
76%
soil Dirt
72%
opposite of attack Defend
70%
plates, bowls Dish
70%
what cops eat Donut
69%
keeps water in a contained area Dam
65%
money Dollar
65%
welcome mat outside the house Doormat
59%
opposite of eat Drink
59%
a fathers kid Daughter
57%
a choice Decision
57%
where you buy bread Deli
56%
a waterfowl Duck
56%
same as a period Dot
52%
opposite of add Divide
50%
when you destroy something its called Destruction
48%
the ___ sea Deep
44%
a mythical creature Dragon
44%
opposite of ancestor Descendant
43%
he takes ______ in eating ice cream Delight
39%
running fast Dash
30%
gets you sick Disease
28%
when you get hit you take Damage
22%
during a party you set up Decoration
22%
water is rising, we're ______ Doom
22%
basketball players Dribble
20%
an insect Dragonfly
19%
sending back to country Depart
7%
a toy Dice
6%
a toy Dominos
6%
No matching quizzes found
Score Distribution
Percent of People with Each Score
Percentile by Number Answered
Your Score History
You have not taken this quiz